Návrh na zdokonalenie procesu podnikového plánovania a tvorby rozpočtov vybraných stredísk v priemyselnom podniku

Saved in:
Bibliographic Details
Main Author: Buday, Michal, 1989- (Author)
Other Authors: Bestvinová, Viera, 1958- (Thesis advisor)
Format: Manuscript Book
Language:Slovak
Published: Trnava : STU v Bratislave MTF UPMK, 2014
Subjects:
Online Access:VAIS
Tags: Add Tag
No Tags, Be the first to tag this record!

MARC

LEADER 00000ntm a22000003a 4500
001 stu290835
005 20150617230257.9
008 140610s2014----xo------------------slo-d
040 |a STU  |b slo 
041 0 |a slo 
044 |a xo 
100 1 |a Buday, Michal,  |d 1989-  |4 aut  |u M  |T MTF Materiálovotechnologická fakulta  |X 66567  |U M  |Y 60  |7 A000066567 
242 0 0 |a The proposal to improve the process of corporate planning and budgets of selected centers in industrial company   |y eng 
245 1 |a Návrh na zdokonalenie procesu podnikového plánovania a tvorby rozpočtov vybraných stredísk v priemyselnom podniku  
260 |a Trnava :  |b STU v Bratislave MTF UPMK,  |c 2014 
300 |a 83s  |c CD 
650 7 |a priemyselné manažérstvo  |2 stusub 
650 7 |a Industrial Management  |2 estusub 
650 7 |a cost  |2 estusub 
650 7 |a planning  |2 estusub 
650 7 |a náklady  |2 stusub 
650 7 |a plánovanie  |2 stusub 
700 1 |a Bestvinová, Viera,  |d 1958-  |4 ths  |u M4000  |U MTF Materiálovotechnologická fakulta  |T MTF Ústav priemyselného inžinierstva a manažmentu  |X 1541  |U M4000  |Y 84  |7 A000001541 
856 4 |a info a plný text  |u http://is.stuba.sk/zp/portal_zp.pl?podrobnosti=98933  |3 VAIS 
996 |c M*DP-12028  |l MMSKP  |s P  |a 0  |w stu290835_0001